Das partizipative Museum : zwischen Teilhabe und User Generated Content ; neue Anforderungen an kulturhistorische Ausstellungen
Saved in:
| Other Authors: | |
|---|---|
| Document Type: | Book |
| Language: | German |
| Published: |
Bielefeld
: Transcript
, 2012
|
| Series: | Kultur- und Museumsmanagement
|
| Subjects: | |
| Online Access: | Auszug Rezension Inhaltstext Inhaltsverzeichnis Rezension Rezension |
| Related Items: | Erscheint auch als:
Das partizipative Museum Erscheint auch als: Das partizipative Museum Rezensiert in: [Rezension von: Susanne Gesser / Martin Handschin / Angela Jannelli (Hrsg.), Das partizipative Museum. Zwischen Teilhabe und User Generated Content. Neue Anforderungen an kulturhistorische Ausstellungen] |
| Author Notes: | Susanne Gesser [und 3 andere] (Hg.) |
| LEADER | 10345cam a2201765 c 4500 | ||
|---|---|---|---|
| 001 | 1607258617 | ||
| 003 | DE-627 | ||
| 005 | 20260610205917.0 | ||
| 007 | tu | ||
| 008 | 110113s2012 gw ||||| 00| ||ger c | ||
| 015 | |a 10,N50 |2 dnb | ||
| 015 | |a 10,N50 |2 dnb | ||
| 016 | 7 | |a 1008787140 |2 DE-101 | |
| 020 | |a 3837617262 |q Pb. : ca. EUR 28.80 (DE), ca. sfr 42.90 (freier Pr.) |9 3-8376-1726-2 | ||
| 020 | |a 9783837617269 |q : Pb. : ca. EUR 28.80 (DE), ca. sfr 42.90 (freier Pr.) |9 978-3-8376-1726-9 | ||
| 035 | |a (DE-627)1607258617 | ||
| 035 | |a (DE-603)230012345 | ||
| 035 | |a (DE-576)335805779 | ||
| 035 | |a (DE-599)DNB1008787140 | ||
| 035 | |a (OCoLC)801684938 | ||
| 035 | |a (OCoLC)706902106 | ||
| 035 | |a (OCoLC)801684938 | ||
| 040 | |a DE-627 |b ger |c DE-627 |e rda | ||
| 041 | |a ger | ||
| 044 | |c XA-DE-NW | ||
| 072 | 7 | |a POL 038000 |2 bisacsh | |
| 072 | 7 | |a ART 059000 |2 bisacsh | |
| 072 | 7 | |a BUS 041000 |2 bisacsh | |
| 072 | 7 | |a ART059000 |2 bisacsh | |
| 072 | 7 | |a GM;KJM;JPQ |2 bicssc | |
| 072 | 7 | |a ART |2 bisacsh | |
| 072 | 7 | |a 9581 |2 wsb | |
| 072 | 7 | |a GM |2 bicssc | |
| 072 | 7 | |a KJM |2 bicssc | |
| 072 | 7 | |a JPQB |2 bicssc | |
| 082 | 0 | |a 700 |q BSZ | |
| 082 | 0 | |a 069.15 | |
| 082 | 0 | 4 | |a 060 |a 700 |q DNB |
| 084 | |a 9,10 |2 ssgn | ||
| 084 | |a LB 34000 |q BVB |2 rvk |0 (DE-625)rvk/90542:772 | ||
| 084 | |a AK 86500 |q DE-24/23sred |2 rvk |0 (DE-625)rvk/2716: | ||
| 084 | |a AK 86000 |2 rvk |0 (DE-625)rvk/2713: | ||
| 084 | |a AK 85900 |2 rvk |0 (DE-625)rvk/2711: | ||
| 084 | |a LE 3650 |2 rvk |0 (DE-625)rvk/90736: | ||
| 084 | |a LH 29960 |2 rvk |0 (DE-625)rvk/92951: | ||
| 084 | |a LH 39930 |2 rvk |0 (DE-625)rvk/93362: | ||
| 084 | |a LH 60200 |2 rvk |0 (DE-625)rvk/94179: | ||
| 084 | |a 02.30 |2 bkl | ||
| 084 | |a 20.12 |2 bkl | ||
| 084 | |a 20.13 |2 bkl | ||
| 084 | |a 15.04 |2 bkl | ||
| 245 | 0 | 4 | |a Das partizipative Museum |b zwischen Teilhabe und User Generated Content ; neue Anforderungen an kulturhistorische Ausstellungen |c Susanne Gesser [und 3 andere] (Hg.) |
| 264 | 1 | |a Bielefeld |b Transcript |c 2012 | |
| 300 | |a 299 Seiten |b Illustrationen, Diagramme |c 225 mm x 148 mm, 468 g | ||
| 336 | |a Text |b txt |2 rdacontent | ||
| 337 | |a ohne Hilfsmittel zu benutzen |b n |2 rdamedia | ||
| 338 | |a Band |b nc |2 rdacarrier | ||
| 490 | 0 | |a Kultur- und Museumsmanagement | |
| 500 | |a Literaturangaben | ||
| 583 | 1 | |a Archivierung/Langzeitarchivierung gewährleistet |f SSG |x XA-DE-BW |2 pdager |5 DE-16 | |
| 650 | 0 | 7 | |0 (DE-588)4040795-0 |0 (DE-627)106221485 |0 (DE-576)209042311 |a Museum |2 gnd |
| 650 | 0 | 7 | |0 (DE-588)4075108-9 |0 (DE-627)106087142 |0 (DE-576)209196696 |a Museumspädagogik |2 gnd |
| 650 | 0 | 7 | |0 (DE-588)4128844-0 |0 (DE-627)105714259 |0 (DE-576)209605545 |a Sammlung |2 gnd |
| 650 | 0 | 7 | |0 (DE-588)4129601-1 |0 (DE-627)104279435 |0 (DE-576)209611855 |a Ausstellung |2 gnd |
| 650 | 0 | 7 | |0 (DE-588)4047764-2 |0 (DE-627)106193600 |0 (DE-576)20907468X |a Publikum |2 gnd |
| 650 | 0 | 7 | |0 (DE-588)4006092-5 |0 (DE-627)106378562 |0 (DE-576)208864318 |a Beteiligung |2 gnd |
| 650 | 0 | 7 | |0 (DE-588)4309943-9 |0 (DE-627)12382981X |0 (DE-576)211120162 |a Kulturmanagement |2 gnd |
| 650 | 0 | 7 | |0 (DE-588)4165992-2 |0 (DE-627)105436089 |0 (DE-576)209899212 |a Kulturvermittlung |2 gnd |
| 650 | 0 | 7 | |0 (DE-588)4170787-4 |0 (DE-627)105399604 |0 (DE-576)209932708 |a Museumskunde |2 gnd |
| 650 | 0 | 7 | |0 (DE-588)4044789-3 |0 (DE-627)106204270 |0 (DE-576)209062339 |a Partizipation |2 gnd |
| 650 | 0 | 7 | |0 (DE-588)4125698-0 |0 (DE-627)104470348 |0 (DE-576)209578750 |a Kultur |2 gnd |
| 650 | 0 | 7 | |0 (DE-588)4020517-4 |0 (DE-627)106317768 |0 (DE-576)208933697 |a Geschichte |2 gnd |
| 650 | 0 | 7 | |0 (DE-588)4165974-0 |0 (DE-627)105436194 |0 (DE-576)209899077 |a Kulturhistorisches Museum |2 gnd |
| 650 | 0 | 7 | |0 (DE-588)4591173-3 |0 (DE-627)325976333 |0 (DE-576)214031683 |a Kommunales Museum |2 gnd |
| 650 | 0 | 7 | |0 (DE-588)4136812-5 |0 (DE-627)10565471X |0 (DE-576)209672331 |a Kulturelle Einrichtung |2 gnd |
| 653 | |a Kulturmanagement | ||
| 653 | |a Kulturvermittlung | ||
| 653 | |a Museologie | ||
| 653 | |a Museumskunde | ||
| 653 | |a Museumspädagogik | ||
| 653 | |a Paperback / softback | ||
| 653 | |a Partizipation | ||
| 653 | |a Stadtmuseum | ||
| 653 | |a kulturelle Einrichtung | ||
| 655 | 7 | |a Aufsatzsammlung |0 (DE-588)4143413-4 |0 (DE-627)105605727 |0 (DE-576)209726091 |2 gnd-content | |
| 689 | 0 | 0 | |d s |0 (DE-588)4040795-0 |0 (DE-627)106221485 |0 (DE-576)209042311 |a Museum |2 gnd |
| 689 | 0 | 1 | |d s |0 (DE-588)4075108-9 |0 (DE-627)106087142 |0 (DE-576)209196696 |a Museumspädagogik |2 gnd |
| 689 | 0 | 2 | |d s |0 (DE-588)4128844-0 |0 (DE-627)105714259 |0 (DE-576)209605545 |a Sammlung |2 gnd |
| 689 | 0 | 3 | |d s |0 (DE-588)4129601-1 |0 (DE-627)104279435 |0 (DE-576)209611855 |a Ausstellung |2 gnd |
| 689 | 0 | 4 | |d s |0 (DE-588)4047764-2 |0 (DE-627)106193600 |0 (DE-576)20907468X |a Publikum |2 gnd |
| 689 | 0 | 5 | |d s |0 (DE-588)4006092-5 |0 (DE-627)106378562 |0 (DE-576)208864318 |a Beteiligung |2 gnd |
| 689 | 0 | |5 DE-101 | |
| 689 | 1 | 0 | |d s |0 (DE-588)4309943-9 |0 (DE-627)12382981X |0 (DE-576)211120162 |a Kulturmanagement |2 gnd |
| 689 | 1 | 1 | |d s |0 (DE-588)4165992-2 |0 (DE-627)105436089 |0 (DE-576)209899212 |a Kulturvermittlung |2 gnd |
| 689 | 1 | 2 | |d s |0 (DE-588)4170787-4 |0 (DE-627)105399604 |0 (DE-576)209932708 |a Museumskunde |2 gnd |
| 689 | 1 | 3 | |d s |0 (DE-588)4075108-9 |0 (DE-627)106087142 |0 (DE-576)209196696 |a Museumspädagogik |2 gnd |
| 689 | 1 | 4 | |d s |0 (DE-588)4044789-3 |0 (DE-627)106204270 |0 (DE-576)209062339 |a Partizipation |2 gnd |
| 689 | 1 | |5 (DE-627) | |
| 689 | 2 | 0 | |d s |0 (DE-588)4040795-0 |0 (DE-627)106221485 |0 (DE-576)209042311 |a Museum |2 gnd |
| 689 | 2 | 1 | |d s |0 (DE-588)4136812-5 |0 (DE-627)10565471X |0 (DE-576)209672331 |a Kulturelle Einrichtung |2 gnd |
| 689 | 2 | 2 | |d s |0 (DE-588)4075108-9 |0 (DE-627)106087142 |0 (DE-576)209196696 |a Museumspädagogik |2 gnd |
| 689 | 2 | 3 | |d s |0 (DE-588)4044789-3 |0 (DE-627)106204270 |0 (DE-576)209062339 |a Partizipation |2 gnd |
| 689 | 2 | |5 (DE-627) | |
| 700 | 1 | |a Gesser, Susanne |d 1964- |e HerausgeberIn |0 (DE-588)120754703 |0 (DE-627)515621943 |0 (DE-576)186529465 |4 edt | |
| 776 | 1 | |z 9783837617269 |c (ePDF) | |
| 776 | 0 | 8 | |i Erscheint auch als |n Online-Ausgabe |t Das partizipative Museum |d Berlin : De Gruyter, 2012 |h 1 Online-Ressource (304 Seiten) |w (DE-627)870225979 |w (DE-576)408938501 |z 9783839417263 |
| 776 | 0 | 8 | |i Erscheint auch als |n Online-Ausgabe |t Das partizipative Museum |d Bielefeld : transcript, 2012 |h 1 Online-Ressource (299 Seiten) |w (DE-627)1655638076 |w (DE-576)504102834 |z 9783839417263 |
| 787 | 0 | 8 | |i Rezensiert in |a Kohle, Hubertus, 1959 - |t [Rezension von: Susanne Gesser / Martin Handschin / Angela Jannelli (Hrsg.), Das partizipative Museum. Zwischen Teilhabe und User Generated Content. Neue Anforderungen an kulturhistorische Ausstellungen] |d 2013 |w (DE-627)1801638314 |
| 856 | 4 | 2 | |u http://www.transcript-verlag.de/media/pdf/22255f774f2217f8c659f9079e673aa1.pdf |m X:Transcript |q application/pdf |3 Auszug |7 1 |
| 856 | 4 | 2 | |u https://swbplus.bsz-bw.de/bsz335805779rez.htm |m B:DE-576;DE-16 |q application/pdf |v 20130218163322 |x Verlag |3 Rezension |7 1 |
| 856 | 4 | 2 | |u http://deposit.dnb.de/cgi-bin/dokserv?id=3624055&prov=M&dok_var=1&dok_ext=htm |m X: MVB |q text/html |v 2013-05-01 |x Verlag |3 Inhaltstext |7 1 |
| 856 | 4 | 2 | |u http://d-nb.info/1008787140/04 |m B:DE-101 |q application/pdf |v 2013-05-01 |x Verlag |3 Inhaltsverzeichnis |7 1 |
| 856 | 4 | 2 | |u http://scans.hebis.de/HEBCGI/show.pl?23001234_rez.pdf |m V:DE-576;B:DE-16 |q application/pdf |3 Rezension |7 1 |
| 856 | 4 | 2 | |u http://www.sehepunkte.de/2013/02/22357.html |x Verlag |3 Rezension |7 1 |
| 889 | |w (DE-576)9641811118 | ||
| 889 | |w (DE-627)64181111X | ||
| 935 | |i mdedup | ||
| 936 | r | v | |a LB 34000 |b Darstellung ohne geografischen Bezug |k Sozial- und Kulturanthropologie. Empirische Kulturwissenschaft |k Ethnologie in der Praxis |k Ethnomuseologie |k Darstellung ohne geografischen Bezug |0 (DE-627)1270818120 |0 (DE-625)rvk/90542:772 |0 (DE-576)200818120 |
| 936 | r | v | |a AK 86500 |b Ausstellungswesen |k Allgemeines |k Museumswesen, Museologie, Museumswissenschaft |k Museumspraxis |k Ausstellungswesen |0 (DE-627)1270658034 |0 (DE-625)rvk/2716: |0 (DE-576)200658034 |
| 936 | r | v | |a AK 86000 |b Allgemeines |k Allgemeines |k Museumswesen, Museologie, Museumswissenschaft |k Museumspraxis |k Allgemeines |0 (DE-627)1270645242 |0 (DE-625)rvk/2713: |0 (DE-576)200645242 |
| 936 | r | v | |a AK 85900 |b Museum und Bildung, Museumspädagogik, Museumsdidaktik |k Allgemeines |k Museumswesen, Museologie, Museumswissenschaft |k Museumstheorie, Beziehungen |k Museum und Bildung, Museumspädagogik, Museumsdidaktik |0 (DE-627)127065800X |0 (DE-625)rvk/2711: |0 (DE-576)20065800X |
| 936 | r | v | |a LE 3650 |b Museumswesen, Konservierung der Denkmäler |k Klassische Archäologie |k Systematik und Geschichte des Faches |k Museumswesen, Konservierung der Denkmäler |0 (DE-627)1271603594 |0 (DE-625)rvk/90736: |0 (DE-576)201603594 |
| 936 | r | v | |a LH 29960 |b Museumskunde, Museumsgeschichte (allgemein) |k Kunstgeschichte |k Allgemeines. Allgemeine Kunstgeschichte |k Museumskunde. Museumskataloge |k Museumskunde, Museumsgeschichte (allgemein) |0 (DE-627)1270644238 |0 (DE-625)rvk/92951: |0 (DE-576)200644238 |
| 936 | r | v | |a LH 39930 |b Schrifttum über Ausstellungen allgemein |k Kunstgeschichte |k Allgemeines. Allgemeine Kunstgeschichte |k Ausstellungswesen, Ausstellungskataloge |k Schrifttum über Ausstellungen allgemein |0 (DE-627)1270636138 |0 (DE-625)rvk/93362: |0 (DE-576)200636138 |
| 936 | r | v | |a LH 60200 |b Kunstsoziologie (sämtlicher oder mehrerer Kunstgattungen)/ Soziologie des Künstlers. Allgemeines |k Kunstgeschichte |k Allgemeines. Allgemeine Kunstgeschichte |k Bildende Kunst in Staat und Gesellschaft |k Kunstsoziologie (sämtlicher oder mehrerer Kunstgattungen) Soziologie des Künstlers |k Kunstsoziologie (sämtlicher oder mehrerer Kunstgattungen)/ Soziologie des Künstlers. Allgemeines |0 (DE-627)1270643150 |0 (DE-625)rvk/94179: |0 (DE-576)200643150 |
| 936 | b | k | |a 02.30 |j Museumskunde |0 (DE-627)106403192 |
| 936 | b | k | |a 20.12 |j Kunstmuseum |0 (DE-627)106415700 |
| 936 | b | k | |a 20.13 |j Kunstausstellung |0 (DE-627)106406221 |
| 936 | b | k | |a 15.04 |j Ausbildung |j Beruf |j Organisationen |x Geschichte |0 (DE-627)106404717 |
| 936 | s | n | |a a100 |2 mzub |
| 936 | s | n | |a l100 |2 mzub |
| 936 | s | n | |a l300 |2 mzub |
| 951 | |a BO | ||
| 990 | |a Museum | ||
| 990 | |a Museumspädagogik | ||
| 990 | |a Sammlung | ||
| 990 | |a Ausstellung | ||
| 990 | |a Publikum | ||
| 990 | |a Beteiligung | ||
| 990 | |a Kulturmanagement | ||
| 990 | |a Kulturvermittlung | ||
| 990 | |a Museumskunde | ||
| 990 | |a Museumspädagogik | ||
| 990 | |a Partizipation | ||
| 990 | |a Museum | ||
| 990 | |a Kulturelle Einrichtung | ||
| 990 | |a Museumspädagogik | ||
| 990 | |a Partizipation | ||
| 991 | |a Rezensiertes Werk | ||
| 999 | |a KXP-PPN1607258617 |e 4172359345 | ||


